000 00341nam a2200121Ia 4500
008 160609s9999 xx 000 0 und d
100 _aReed, Derek D.
245 _aAutism Service Delivery
245 _cBy:Derek D. Reed, Florence D. DiGennaro Reed
260 _c2015
650 _xAUTISM
856 _uhttp://file.ebook777.com/AutSerDel.pdf
999 _c295834
_d295834